The 10 Least Populated Countries in Asia - Map Quiz - Statistics

General Stats
  • This quiz has been taken 35 times
  • The average score is 4 of 10
Answers on the Map
Answers color-coded by a green-red scale on the quiz's map according to % correct below.
 
Answer Stats
Answer % Correct
Bhutan
64%
Cyprus
59%
Maldives
59%
Brunei
36%
East Timor
36%
Armenia
27%
Mongolia
27%
Bahrain
23%
Georgia
18%
Qatar
18%
No matching quizzes found
Score Distribution
Percent of People with Each Score
Percentile by Number Answered
Your Score History
You have not taken this quiz